تحميل...
Portfolio management /
| المؤلف الرئيسي: | |
|---|---|
| التنسيق: | Printed Book |
| منشور في: |
New Delhi:
PHI Learning,
2006
|
| الطبعة: | 2nd |
| الموضوعات: |
| LEADER | 00515cam a2200169ua 4500 | ||
|---|---|---|---|
| 020 | |a 9788120329591 | ||
| 082 | |a 658.47 |b KEV/P | ||
| 100 | |a Kevin, S. | ||
| 245 | 1 | 0 | |a Portfolio management / |
| 250 | |a 2nd | ||
| 260 | |a New Delhi: |b PHI Learning, |c 2006 | ||
| 300 | |a 224p. | ||
| 650 | |a Portfolio management | ||
| 650 | 0 | |a Management | |
| 942 | |c BK | ||
| 999 | |c 27231 |d 27231 | ||
| 952 | |0 0 |1 0 |4 0 |6 658_470000000000000_KEVP |7 0 |8 Stack |9 28998 |a KUCL |b KUCL |c Stack |d 2014-05-23 |g 195.00 |l 3 |m 2 |o 658.47 KEV/P |p 28894 |r 2018-12-17 |s 2018-11-01 |y BK | ||